| 000 | 00372nam a22001217a 4500 | ||
|---|---|---|---|
| 082 | _a155.2 WAL'P | ||
| 100 |
_aWALLIN, J. E WALLACE _960596 |
||
| 245 | _aPERSONALITY MALADJUSTMENTS AND MENTAL HYGIENE A TEXTBOOK FOR PSYCHOLOGIST EDUCATIONS COUNSELORS AND MENTAL HYGIENE WORKER'S | ||
| 250 | _a1ST | ||
| 260 |
_aNEWYORK _bMCGRAW HILL _c1935 |
||
| 300 | _a511P | ||
| 942 | _cBK | ||
| 999 |
_c570286 _d570286 |
||